TB. OF MIDWIFERY OBSTETRICS FOR NURSES (Record no. 10975)

MARC details
000 -LEADER
fixed length control field 00302nam a22001337a 4500
003 - CONTROL NUMBER IDENTIFIER
control field SGT
082 ## - DEWEY DECIMAL CLASSIFICATION NUMBER
Classification number 610.73678
Item number M11R
100 ## - MAIN ENTRY--PERSONAL NAME
Personal name RAO, KAMINI
245 ## - TITLE STATEMENT
Title TB. OF MIDWIFERY OBSTETRICS FOR NURSES
260 ## - PUBLICATION, DISTRIBUTION, ETC. (IMPRINT)
Place of publication, distribution, etc INDIA
Name of publisher, distributor, etc ELSEVIER
Year of Publication 2011
300 ## - PAGE DESCRIPTION
No. of Pages 649
650 ## - SUBJECT ADDED ENTRY--TOPICAL TERM
Topical term or geographic name as entry element OBSTETRICS
942 ## - ADDED ENTRY ELEMENTS (KOHA)
Source of classification or shelving scheme Dewey Decimal Classification
Koha item type Books
942 ## - ADDED ENTRY ELEMENTS (KOHA)
-- 7
Holdings
Withdrawn status Lost status Source of classification or shelving scheme Damaged status Not for loan Collection code Home library Current library Shelving location Date acquired Vendor Name Cost, normal purchase price SGTU Bill Number Total Checkouts Full call number Accession No. (Barcode) Date last seen Date last borrowed Bill Date Koha item type
    Dewey Decimal Classification     NURSING SGT Medical Library SGT Medical Library Text Book 17/02/2017 ABC 845.00 SGTU 7429 5 610.73678 M11R FN3507 18/12/2025 16/12/2025 04/11/2016 Books
    Dewey Decimal Classification     NURSING SGT Medical Library SGT Medical Library Text Book 17/02/2017 ABC 845.00 SGTU 7429 4 610.73678 M11R FN3508 27/07/2023 24/07/2023 04/11/2016 Books
    Dewey Decimal Classification     NURSING SGT Medical Library SGT Medical Library Text Book 17/02/2017 ABC 845.00 SGTU 7429 6 610.73678 M11R FN3509 15/04/2026 06/04/2026 04/11/2016 Books
    Dewey Decimal Classification     NURSING SGT Medical Library SGT Medical Library Text Book 17/02/2017 ABC 845.00 SGTU 7429 3 610.73678 M11R FN3510 03/10/2024 29/08/2024 04/11/2016 Books